| 000 | 01532nam0a22003011 4500 | ||
|---|---|---|---|
| 001 | rc\618205 | ||
| 005 | 20031121164022.4 | ||
| 035 | _a(NLR Aleph) 005861296 | ||
| 090 |
_a5881471 _c5881471 |
||
| 100 | _a20031121d1986 u |0rusy50 ca | ||
| 101 | 0 | _arus | |
| 102 | _aRU | ||
| 105 | _aa ||||||||| | ||
| 200 | 1 |
_aЭффективные проектные решения по вскрытию рабочих горизонтов глубоких железорудных карьевов _fН.М. Борисова, В.П. Линев, С.Б. Рубинштейн |
|
| 210 |
_aМ. _cЧерметинформация _d1986 |
||
| 215 |
_a38 с. _cил. _d20 |
||
| 225 | 1 |
_aЧерная металлургия _iСерия "Горнорудное производство" _eОбзор. информ. _fЦНИИ информ. и техн.-экон. исслед. чер. металлургии _vВып. 5 |
|
| 300 | _aВ надзаг. также: М-во чер. металлургии СССР | ||
| 320 | _aБиблиогр.: с. 37 | ||
| 423 | 0 |
_12001#$aФормирование отвалов в железорудной промышленности$f[А.М. Демин, В.Н. Евсеев, Ю.И. Мотов] _1700#1$aДемин$bА.М. _1701#1$aЕвсеев$bВ.Н. _1701#1$aМотов$bЮ.И. |
|
| 700 | 1 |
_aБорисова _bН. М. |
|
| 701 | 1 |
_aЛинев _bВ. П. |
|
| 701 | 1 |
_aРубинштейн _bС. Б. |
|
| 801 | 0 |
_aRU _bNLR _gpsbo |
|
| 801 | 1 |
_aRU _bELAR _2rusmarc |
|
| 852 |
_aNLR _jП11/1902 |
||
| 942 | _cBOOK | ||
| 980 | _aNB | ||